| 000 | 01409cam a22003374a 4500 | ||
|---|---|---|---|
| 001 | 1888 | ||
| 003 | FISKH | ||
| 005 | 20231009080242.0 | ||
| 008 | 050816s2006 nyua b 001 0 eng | ||
| 010 | _a 2005023923 | ||
| 020 | _a9780516281780 | ||
| 035 | _a(OCoLC)ocm61295936 | ||
| 040 |
_aDLC _cDLC _dIG# _dBAKER _dDLC _beng |
||
| 042 | _apcc | ||
| 050 | 0 | 0 |
_aQD501 _b.Y68 2006 |
| 082 | 0 | 0 |
_a541/.39 _222 |
| 100 | 1 |
_aYoung, June, _d1954- |
|
| 245 | 1 | 0 |
_aLook how it changes / _cby June Young. |
| 260 |
_aNew York : _bScholastic, _c2006. |
||
| 300 |
_a31 pages : _bcolor illustrations ; _c19 cm. |
||
| 440 | 0 | _aRookie read-about science | |
| 505 | _aE | ||
| 520 | _aFrom friendly dolphins to giant pandas, from icebergs and glaciers to energy from the sun, from magnets to solids, liquids, and gases, Rookie Read-About Science is a natural addition to the primary-grade classroom with books that cover every part of the science curricula. Includes: animals, nature, scientific principles, the environment, weather, and much more! | ||
| 521 | 8 |
_a290
_bLexile |
|
| 521 | 8 |
_aE
_bRaz-Plus |
|
| 650 | 0 |
_aChemical reactions _vJuvenile literature. |
|
| 650 | 0 |
_aMatter _xProperties _vJuvenile literature. |
|
| 906 |
_a7 _bcbc _corignew _d1 _eecip _f20 _gy-gencatlg |
||
| 942 |
_2ddc _cBK _n0 |
||
| 999 |
_c1888 _d1888 |
||